[Event "DEM U16 2012"]
[Site "Oberhof GER"]
[Date "2012.05.29"]
[Round "5"]
[White "Katz, Leo"]
[Black "Passon, Marcel"]
[Result "1-0"]
[Termination "normal"]
[Board "16"]
[WhiteElo "1817"]
[BlackElo "1894"]
[PlyCount "117"]
[WhiteFideId "12918458"]
[BlackFideId "12905186"]
[EventCountry "GER"]
[EventRounds "9"]
[EventType "swiss"]
[EventDate "2012.05.26"]

1. e4 e5 2. Nf3 Nc6 3. Bb5 a6 4. Bxc6 dxc6 5. O-O f6 6. d4 Bg4 7. c3 Bd6 8. Be3
Ne7 9. Nbd2 b5 10. Qb3 Qd7 11. c4 Ng6 12. d5 c5 13. Rfe1 O-O 14. Rac1 b4 15.
Qd3 f5 16. exf5 Bxf5 17. Qe2 e4 18. Ng5 Rae8 19. Nb3 Nf4 20. Bxf4 Bxf4 21. Ne6
Bxe6 22. dxe6 Qxe6 23. Rcd1 e3 24. f3 Rf5 25. g3 Bxg3 26. hxg3 Rg5 27. Kg2 Qg6
28. g4 h5 29. Rd5 hxg4 30. Rxg5 gxf3+ 31. Qxf3 Qxg5+ 32. Qg3 Qf5 33. Rxe3 Rf8
34. Rf3 Qe4 35. Nxc5 Qc2+ 36. Rf2 Rxf2+ 37. Qxf2 Qxc4 38. b3 Qd5+ 39. Kg3 Qg5+
40. Kf3 Qh5+ 41. Ke4 Qh1+ 42. Ke5 Qh5+ 43. Ke6 Qg6+ 44. Kd7 Qd6+ 45. Kc8 g6 46.
Nd7 Kg7 47. Kd8 a5 48. Qa7 Qd5 49. Kxc7 g5 50. Qb6 Qf5 51. Qd4+ Kg6 52. Kd6 Kh5
53. Qe5 Qd3+ 54. Ke6 Qh3+ 55. Qf5 Qe3+ 56. Kf7 Kh4 57. Nf6 Qe2 58. Kg6 Qg2 59.
Ne4 1-0

[Event "DEM U16 2012"]
[Site "Oberhof GER"]
[Date "2012.05.30"]
[Round "6"]
[White "Lampert, Jonas"]
[Black "Carow, Johannes"]
[Result "1/2-1/2"]
[Termination "normal"]
[Board "1"]
[WhiteElo "2279"]
[BlackElo "2206"]
[PlyCount "44"]
[WhiteFideId "1303759"]
[BlackFideId "24692050"]
[EventCountry "GER"]
[EventRounds "9"]
[EventType "swiss"]
[EventDate "2012.05.26"]

1. e4 c5 2. Nf3 e6 3. d4 cxd4 4. Nxd4 a6 5. Bd3 Bc5 6. Nb3 Be7 7. Qg4 Bf6 8.
N1d2 Nc6 9. Qg3 d5 10. exd5 exd5 11. O-O Nge7 12. Nf3 O-O 13. c3 Nf5 14. Bxf5
Bxf5 15. Bg5 Be4 16. Bxf6 Qxf6 17. Nbd4 Bxf3 18. Nxf3 d4 19. Nxd4 Nxd4 20. cxd4
Qxd4 21. Qb3 b5 22. Rad1 Qb6 1/2-1/2

[Event "DEM U16 2012"]
[Site "Oberhof GER"]
[Date "2012.05.30"]
[Round "6"]
[White "Kvetny, Mark"]
[Black "Möhn, Hans"]
[Result "1-0"]
[Termination "normal"]
[Board "2"]
[WhiteElo "2230"]
[BlackElo "2106"]
[PlyCount "75"]
[WhiteFideId "24603929"]
[BlackFideId "24647837"]
[EventCountry "GER"]
[EventRounds "9"]
[EventType "swiss"]
[EventDate "2012.05.26"]

1. d4 Nf6 2. c4 g6 3. Nc3 Bg7 4. e4 d6 5. f4 O-O 6. Nf3 c5 7. d5 b5 8. cxb5 a6
9. a4 axb5 10. Bxb5 Ba6 11. Bd2 Bxb5 12. axb5 Rxa1 13. Qxa1 Qb6 14. O-O Ne8 15.
Qa4 Nc7 16. e5 Nd7 17. Qe4 Re8 18. Ng5 f5 19. exf6 exf6 20. Ne6 f5 21. Qc4 Qb7
22. Qd3 Nb6 23. Nxg7 Kxg7 24. g4 Qc8 25. b4 fxg4 26. bxc5 dxc5 27. Ne4 Rxe4 28.
Qxe4 Qe8 29. Qxe8 Nxe8 30. Ba5 Nc4 31. Bd8 Ned6 32. Rc1 Nd2 33. Rxc5 N6e4 34.
Rc7+ Kg8 35. b6 Nf3+ 36. Kg2 h5 37. b7 h4 38. Bxh4 1-0

[Event "DEM U16 2012"]
[Site "Oberhof GER"]
[Date "2012.05.30"]
[Round "6"]
[White "Krause, Benedict"]
[Black "Noe, Christopher"]
[Result "1/2-1/2"]
[Termination "normal"]
[Board "3"]
[WhiteElo "1930"]
[BlackElo "2158"]
[PlyCount "55"]
[WhiteFideId "12917990"]
[BlackFideId "24692018"]
[EventCountry "GER"]
[EventRounds "9"]
[EventType "swiss"]
[EventDate "2012.05.26"]

1. e4 Nf6 2. e5 Nd5 3. d4 d6 4. c4 Nb6 5. exd6 cxd6 6. Nc3 g6 7. Be3 Bg7 8. Rc1
O-O 9. b3 Nc6 10. d5 Ne5 11. Be2 a5 12. f4 Ned7 13. Nf3 Nf6 14. Nd4 Nbd7 15.
O-O Nc5 16. Bf3 Bd7 17. h3 Qc8 18. g4 h5 19. g5 Ne8 20. h4 Bh8 21. Ne4 Ng7 22.
Ng3 Nf5 23. Ndxf5 Bxf5 24. Be2 Bb2 25. Nxf5 Qxf5 26. Rc2 Bg7 27. Bxc5 dxc5 28.
Qd3 1/2-1/2

[Event "DEM U16 2012"]
[Site "Oberhof GER"]
[Date "2012.05.30"]
[Round "6"]
[White "Tennert, Simon"]
[Black "Galkin, Wladislaw"]
[Result "1/2-1/2"]
[Termination "normal"]
[Board "4"]
[WhiteElo "2074"]
[BlackElo "1989"]
[PlyCount "63"]
[WhiteFideId "1270445"]
[BlackFideId "4603192"]
[EventCountry "GER"]
[EventRounds "9"]
[EventType "swiss"]
[EventDate "2012.05.26"]

1. e4 e5 2. Nf3 Nc6 3. Bc4 Bc5 4. b4 Bxb4 5. c3 Bd6 6. d4 Nf6 7. O-O O-O 8. Re1
h6 9. Nbd2 Re8 10. Bb2 Bf8 11. Qb3 Qe7 12. Nxe5 Nxe5 13. dxe5 Ng4 14. Nf3 b5
15. Qxb5 a5 16. Qd5 c6 17. Qd2 Nxe5 18. Nxe5 Qxe5 19. Rad1 Bc5 20. Bc1 Re7 21.
Kh1 d6 22. f4 Qh5 23. f5 Qh4 24. Qf4 Qf6 25. Qf3 Bb7 26. Bf4 Rae8 27. Bg3 Ba3
28. h3 Bc5 29. Kh2 Ba3 30. Kh1 Bc5 31. Kh2 Ba3 32. Kh1 1/2-1/2

[Event "DEM U16 2012"]
[Site "Oberhof GER"]
[Date "2012.05.30"]
[Round "6"]
[White "Neef, Maximilian"]
[Black "Moritz, Aron"]
[Result "1-0"]
[Termination "normal"]
[Board "5"]
[WhiteElo "2064"]
[BlackElo "2130"]
[PlyCount "121"]
[WhiteFideId "24692085"]
[BlackFideId "24672319"]
[EventCountry "GER"]
[EventRounds "9"]
[EventType "swiss"]
[EventDate "2012.05.26"]

1. e4 c5 2. Nf3 d6 3. d4 cxd4 4. Nxd4 Nf6 5. Nc3 Bd7 6. f3 e5 7. Nb3 Be7 8. Be3
O-O 9. Qd2 Bc6 10. O-O-O a6 11. g4 b5 12. g5 b4 13. gxf6 bxc3 14. Qxc3 Bxf6 15.
Na5 Qc7 16. Bc4 Rc8 17. Bd5 Qd7 18. Nc4 Bxd5 19. Rxd5 Qh3 20. Qd3 Nc6 21. a3
Qxf3 22. Rf1 Qg2 23. Nb6 Be7 24. Nxc8 Rxc8 25. Qxa6 Rf8 26. Qc4 Nd4 27. Bxd4
Qxe4 28. Kb1 h6 29. b3 exd4 30. Qxd4 Qe6 31. Rdf5 g6 32. R5f3 Qe5 33. Qxe5 dxe5
34. Re1 Bd6 35. Rf6 Bb8 36. c4 Kg7 37. Ref1 e4 38. h4 Be5 39. Rb6 f5 40. c5 f4
41. Rb4 e3 42. Re4 Bb8 43. Kc2 g5 44. hxg5 hxg5 45. Kd3 Kg6 46. Re6+ Kh5 47. c6
Kg4 48. Re7 Rc8 49. Rc1 Kf3 50. c7 Rxc7 51. Rexc7 Bxc7 52. Rxc7 g4 53. Rc1 g3
54. a4 Kf2 55. a5 e2 56. a6 e1=Q 57. Rxe1 Kxe1 58. a7 g2 59. a8=Q g1=Q 60. Qa1+
Kf2 61. Qxg1+ 1-0

[Event "DEM U16 2012"]
[Site "Oberhof GER"]
[Date "2012.05.30"]
[Round "6"]
[White "Müller, Nick"]
[Black "Powierski, Emil"]
[Result "0-1"]
[Termination "normal"]
[Board "6"]
[WhiteElo "2065"]
[BlackElo "2044"]
[PlyCount "88"]
[WhiteFideId "24692093"]
[BlackFideId "4656199"]
[EventCountry "GER"]
[EventRounds "9"]
[EventType "swiss"]
[EventDate "2012.05.26"]

1. e4 c5 2. c3 d6 3. d4 Nf6 4. Bd3 g6 5. h3 Bg7 6. Nf3 O-O 7. O-O Qc7 8. Qe2 a6
9. Bg5 h6 10. Bh4 Nh5 11. Nbd2 Nf4 12. Qe3 Nxd3 13. Qxd3 b5 14. a4 bxa4 15.
Rxa4 cxd4 16. Rc4 Qd8 17. Nxd4 Bb7 18. Rb4 Qd7 19. Ra1 Nc6 20. Nxc6 Bxc6 21.
Nb3 Rab8 22. Qc4 Bb5 23. Qd5 e6 24. Qd2 Bc6 25. Rxa6 Rxb4 26. cxb4 Qb7 27. Ra1
Bxe4 28. Na5 Qd7 29. Rd1 g5 30. Bg3 d5 31. Nb3 Bg6 32. Nc5 Qb5 33. Ra1 d4 34.
b3 e5 35. Ra5 Qc6 36. f3 Kh7 37. h4 gxh4 38. Bxh4 Qd5 39. Ne4 Qxb3 40. Nf6+ Kh8
41. Rxe5 d3 42. Rc5 Qe6 43. Ng4 h5 44. Ne5 Bxe5 0-1

[Event "DEM U16 2012"]
[Site "Oberhof GER"]
[Date "2012.05.30"]
[Round "6"]
[White "Yankelevich, Lev"]
[Black "Koop, Thorben"]
[Result "1/2-1/2"]
[Termination "normal"]
[Board "7"]
[WhiteElo "2162"]
[BlackElo "2141"]
[PlyCount "84"]
[WhiteFideId "24684074"]
[BlackFideId "24661619"]
[EventCountry "GER"]
[EventRounds "9"]
[EventType "swiss"]
[EventDate "2012.05.26"]

1. e4 g6 2. d4 Bg7 3. Nf3 c6 4. c4 d5 5. cxd5 cxd5 6. Bb5+ Bd7 7. Bxd7+ Qxd7 8.
e5 Nc6 9. O-O h5 10. Re1 Nh6 11. Nbd2 Nd8 12. Nb3 b6 13. Qd3 Nf5 14. Bd2 Ne6
15. a4 O-O 16. a5 Rab8 17. Bc3 Rfc8 18. axb6 Rxb6 19. Nc1 Rc4 20. Ne2 Bh6 21.
Ra3 Qb7 22. h3 h4 23. Rea1 a6 24. Nd2 Rcc6 25. Nf1 Nc7 26. R3a2 Rc4 27. g4 hxg3
28. fxg3 Ne6 29. g4 Nfg7 30. h4 Nf4 31. Nxf4 Bxf4 32. Qf3 g5 33. Ra5 Ne6 34.
Qxd5 Qxd5 35. Rxd5 gxh4 36. Kf2 Ng5 37. Re1 Rxc3 38. bxc3 Rb3 39. Re2 Nh3+ 40.
Kf3 Ng1+ 41. Kxf4 Nxe2+ 42. Kg5 Kh7 1/2-1/2

[Event "DEM U16 2012"]
[Site "Oberhof GER"]
[Date "2012.05.30"]
[Round "6"]
[White "Stahnecker, Ludwig"]
[Black "Kreyssig, Robert"]
[Result "1-0"]
[Termination "normal"]
[Board "8"]
[WhiteElo "2101"]
[BlackElo "1935"]
[PlyCount "71"]
[WhiteFideId "24692026"]
[BlackFideId "4662881"]
[EventCountry "GER"]
[EventRounds "9"]
[EventType "swiss"]
[EventDate "2012.05.26"]

1. e4 c5 2. Nf3 Nc6 3. d4 cxd4 4. Nxd4 Nf6 5. Nc3 d6 6. Bc4 e6 7. Be3 Be7 8.
O-O a6 9. a4 Bd7 10. f4 Nxd4 11. Bxd4 Rc8 12. Bd3 Bc6 13. Qf3 d5 14. e5 Ne4 15.
Qg4 g6 16. Ne2 Qd7 17. b3 b5 18. a5 Qb7 19. Qh3 Kd7 20. Qe3 h5 21. Rfd1 Ke8 22.
Bxe4 dxe4 23. c4 Kf8 24. Bb6 Kg7 25. Nc3 Bb4 26. Ne2 Be7 27. Ra2 Rhe8 28. c5
Bd5 29. Rad2 b4 30. Rc1 Rc6 31. Ng3 h4 32. Nxe4 Bxe4 33. Qxe4 Rxb6 34. c6 Qa7
35. axb6 Qxb6+ 36. Qd4 1-0

[Event "DEM U16 2012"]
[Site "Oberhof GER"]
[Date "2012.05.30"]
[Round "6"]
[White "Grewenig, Jan"]
[Black "Kyas, Philipp"]
[Result "1-0"]
[Termination "normal"]
[Board "9"]
[WhiteElo "1918"]
[BlackElo "2100"]
[PlyCount "85"]
[WhiteFideId "4657330"]
[BlackFideId "24670936"]
[EventCountry "GER"]
[EventRounds "9"]
[EventType "swiss"]
[EventDate "2012.05.26"]

1. e4 e5 2. Nf3 Nc6 3. d4 exd4 4. Nxd4 Nf6 5. Nxc6 bxc6 6. e5 Qe7 7. Qe2 Nd5 8.
c4 Ba6 9. b3 g6 10. Bb2 Bg7 11. Nd2 O-O 12. O-O-O Rfe8 13. Nf3 Rab8 14. Qd2 Nb6
15. Qa5 Bb7 16. Bd3 c5 17. Rhe1 Bxf3 18. gxf3 Qg5+ 19. Kb1 Bxe5 20. Qxc5 d5 21.
Rxe5 Rxe5 22. Qd4 Rbe8 23. c5 f6 24. cxb6 Re1 25. Rxe1 Rxe1+ 26. Kc2 axb6 27.
b4 Re6 28. a4 Qh5 29. Qf4 Rc6+ 30. Kb3 g5 31. Qf5 Qf7 32. Bd4 Rd6 33. f4 gxf4
34. Qxf4 Qg7 35. Qg3 Rd7 36. a5 c5 37. bxc5 bxa5 38. c6 Rc7 39. Bb5 Re7 40.
Bxf6 Qxg3+ 41. hxg3 Re1 42. c7 Rb1+ 43. Kc2 1-0

[Event "DEM U16 2012"]
[Site "Oberhof GER"]
[Date "2012.05.30"]
[Round "6"]
[White "Lerch, Philipp"]
[Black "Gibicar, Danijel"]
[Result "1/2-1/2"]
[Termination "normal"]
[Board "10"]
[WhiteElo "2084"]
[BlackElo "2100"]
[PlyCount "118"]
[WhiteFideId "4654129"]
[BlackFideId "24660256"]
[EventCountry "GER"]
[EventRounds "9"]
[EventType "swiss"]
[EventDate "2012.05.26"]

1. e4 e6 2. d4 d5 3. Nd2 Nf6 4. e5 Nfd7 5. Bd3 c5 6. c3 Nc6 7. Ne2 cxd4 8. cxd4
f6 9. exf6 Nxf6 10. Nf3 Bd6 11. O-O Qc7 12. g3 O-O 13. Bf4 Ng4 14. Bxd6 Qxd6
15. Nc3 g6 16. h3 Nh6 17. Re1 Nf7 18. Bf1 Bd7 19. Bg2 Rac8 20. Rc1 Na5 21. Qd3
a6 22. b3 Rc7 23. Ne2 Bb5 24. Qd2 Bxe2 25. Rxc7 Qxc7 26. Qxe2 Re8 27. Nh2 Nc6
28. Bxd5 Nxd4 29. Qd3 Qc5 30. Re4 Qxd5 31. Rxd4 Qf5 32. Qxf5 exf5 33. Rd7 Re2
34. a3 b5 35. Ra7 Rb2 36. b4 Ng5 37. h4 Nh3+ 38. Kg2 Nxf2 39. Nf3 Ne4+ 40. Kh3
Rb3 41. Ra8+ Kg7 42. Ng5 Nxg5+ 43. hxg5 Rxa3 44. Ra7+ Kg8 45. Ra8+ Kf7 46. Ra7+
Ke6 47. Kg2 Ra4 48. Rxh7 Rxb4 49. Rg7 a5 50. Rxg6+ Kf7 51. Ra6 a4 52. Kf3 Kg7
53. Ke3 Rg4 54. Kf3 Rxg5 55. Ra5 Rg6 56. Kf4 Rg4+ 57. Kxf5 Rb4 58. g4 Rb3 59.
Ra7+ Kg8 1/2-1/2

[Event "DEM U16 2012"]
[Site "Oberhof GER"]
[Date "2012.05.30"]
[Round "6"]
[White "Grötzbach, Julian"]
[Black "Florstedt, Johannes"]
[Result "0-1"]
[Termination "normal"]
[Board "11"]
[WhiteElo "2042"]
[BlackElo "2093"]
[PlyCount "94"]
[WhiteFideId "24600938"]
[BlackFideId "12922293"]
[EventCountry "GER"]
[EventRounds "9"]
[EventType "swiss"]
[EventDate "2012.05.26"]

1. e4 e6 2. d4 d5 3. Nc3 Bb4 4. e5 Ne7 5. a3 Bxc3+ 6. bxc3 c5 7. Qg4 Kf8 8. Bd3
Qa5 9. Bd2 Qa4 10. Kd1 Nbc6 11. Nf3 b6 12. Qf4 h6 13. g4 Ba6 14. Bxa6 Qxa6 15.
Qe3 Na5 16. Qd3 Qxd3 17. cxd3 c4 18. Ke2 Rc8 19. dxc4 Nxc4 20. Rhb1 Ke8 21. Kd3
h5 22. g5 Kd7 23. Be1 Ng6 24. Nd2 Nf4+ 25. Kc2 Nh3 26. Nxc4 Rxc4 27. Bd2 Rhc8
28. Kb3 Nxf2 29. Rf1 Ne4 30. Be1 Ke8 31. Rf3 b5 32. h4 a5 33. Ra2 R8c7 34. Ra1
Ke7 35. Ra2 Rb7 36. Rd3 Kf8 37. Rg2 Kg8 38. Rg1 Kh7 39. Rf1 Kg6 40. Rg1 Rbc7
41. Rf1 Kh7 42. Rg1 Ra7 43. Rf1 b4 44. cxb4 a4+ 45. Kb2 Rac7 46. Bg3 Rc2+ 47.
Kb1 Nd2+ 0-1

[Event "DEM U16 2012"]
[Site "Oberhof GER"]
[Date "2012.05.30"]
[Round "6"]
[White "Pixa, Richard"]
[Black "Arnoczky, Philipp"]
[Result "1-0"]
[Termination "time forfeit"]
[Board "12"]
[WhiteElo "1875"]
[BlackElo "1999"]
[PlyCount "76"]
[WhiteFideId "4626095"]
[BlackFideId "12913243"]
[EventCountry "GER"]
[EventRounds "9"]
[EventType "swiss"]
[EventDate "2012.05.26"]

1. d4 Nf6 2. c4 c5 3. d5 b5 4. Nd2 g6 5. e4 d6 6. b3 Bg7 7. Bb2 b4 8. Ngf3 O-O
9. Qc2 a5 10. Bd3 a4 11. a3 Na6 12. O-O bxa3 13. Bxa3 Nh5 14. Rab1 Bd7 15. Rfe1
Qa5 16. e5 axb3 17. Qb2 Nf4 18. Be4 f5 19. Nxb3 Qc7 20. Bc2 dxe5 21. Nxe5 Rfb8
22. Qc3 Nb4 23. Bxb4 Rxb4 24. g3 Nh3+ 25. Kg2 Ra2 26. Kxh3 Bxe5 27. Rxe5 Rxc2
28. Qxc2 Qxe5 29. Nxc5 f4+ 30. Nxd7 Qh5+ 31. Kg2 f3+ 32. Kh1 Qh3 33. Rg1 Qxd7
34. Qc3 Qb7 35. Qxf3 Rxc4 36. Kg2 Rd4 37. Re1 Rd2 38. Re6 Rd4 1-0

[Event "DEM U16 2012"]
[Site "Oberhof GER"]
[Date "2012.05.30"]
[Round "6"]
[White "Knopf, Felix"]
[Black "Imcke, Patrick"]
[Result "1/2-1/2"]
[Termination "normal"]
[Board "13"]
[WhiteElo "1790"]
[BlackElo "1855"]
[PlyCount "44"]
[WhiteFideId "24692204"]
[BlackFideId "4622502"]
[EventCountry "GER"]
[EventRounds "9"]
[EventType "swiss"]
[EventDate "2012.05.26"]

1. d4 Nf6 2. Nf3 g6 3. c4 Bg7 4. Nc3 d5 5. e3 O-O 6. Qb3 dxc4 7. Bxc4 Nc6 8.
Bd3 e5 9. dxe5 Ng4 10. Be2 Ngxe5 11. O-O Nxf3+ 12. Bxf3 Ne5 13. Be4 c6 14. h3
Qe7 15. f4 Be6 16. Qc2 Nc4 17. Bf3 f5 18. Re1 Rfe8 19. e4 fxe4 20. Nxe4 Bd5 21.
Re2 Qb4 22. Rb1 Rad8 1/2-1/2

[Event "DEM U16 2012"]
[Site "Oberhof GER"]
[Date "2012.05.30"]
[Round "6"]
[White "Kardoeus, David"]
[Black "Katz, Leo"]
[Result "1-0"]
[Termination "normal"]
[Board "14"]
[WhiteElo "1771"]
[BlackElo "1817"]
[PlyCount "81"]
[WhiteFideId "12912050"]
[BlackFideId "12918458"]
[EventCountry "GER"]
[EventRounds "9"]
[EventType "swiss"]
[EventDate "2012.05.26"]

1. b3 d5 2. Bb2 Nf6 3. e3 c5 4. Nf3 Nc6 5. Bb5 Bd7 6. O-O e6 7. d3 Be7 8. Nbd2
O-O 9. Bxc6 Bxc6 10. Ne5 Qc7 11. f4 Rad8 12. Qe2 b6 13. Nxc6 Qxc6 14. Nf3 Nd7
15. e4 d4 16. Rae1 b5 17. g4 e5 18. f5 Rc8 19. c3 Rfd8 20. Rc1 Qd6 21. c4 a6
22. g5 f6 23. h4 Rc6 24. Rc2 Nb6 25. Bc1 bxc4 26. bxc4 Nd7 27. Qg2 Bf8 28. Qg3
Re8 29. h5 Qe7 30. Rh2 Kh8 31. Nh4 Qf7 32. g6 Qg8 33. gxh7 Qxh7 34. Ng6+ Kg8
35. h6 Kf7 36. hxg7 Qxg7 37. Bh6 Qg8 38. Kf2 Rb8 39. Kf3 Rbb6 40. Bxf8 Nxf8 41.
Nh8+ 1-0

[Event "DEM U16 2012"]
[Site "Oberhof GER"]
[Date "2012.05.30"]
[Round "6"]
[White "Schreiber, Kevin"]
[Black "Persch, Adrian"]
[Result "0-1"]
[Termination "normal"]
[Board "15"]
[WhiteElo "1869"]
[BlackElo "2030"]
[PlyCount "72"]
[WhiteFideId "24655830"]
[BlackFideId "24698830"]
[EventCountry "GER"]
[EventRounds "9"]
[EventType "swiss"]
[EventDate "2012.05.26"]

1. d4 d5 2. c4 c6 3. e3 Nf6 4. Nf3 Bg4 5. Qb3 Qc7 6. Ne5 Bf5 7. Nc3 e6 8. cxd5
exd5 9. Bd2 Bd6 10. Nf3 O-O 11. Nh4 Be6 12. Bd3 Nbd7 13. h3 Nb6 14. O-O Ne4 15.
Qc2 f5 16. Nf3 Rae8 17. Na4 Qe7 18. Rac1 Bc8 19. Nxb6 axb6 20. Qb3 Nxd2 21.
Nxd2 Bc7 22. Bb1 Kh8 23. Qd3 Rf6 24. Rfe1 Rg6 25. f4 Qh4 26. Kf1 Qg3 27. Re2
Qh2 28. Nf3 Qh1+ 29. Ng1 Rg3 30. Qd2 g5 31. fxg5 Rxg5 32. Rf2 Bh2 33. Ke2 Bxg1
34. Kd3 Rg3 35. Re1 Bxf2 36. Rxh1 Rgxe3+ 0-1

[Event "DEM U16 2012"]
[Site "Oberhof GER"]
[Date "2012.05.30"]
[Round "6"]
[White "Passon, Marcel"]
[Black "Kühne, Niklas"]
[Result "1-0"]
[Termination "normal"]
[Board "16"]
[WhiteElo "1894"]
[BlackElo "1724"]
[PlyCount "69"]
[WhiteFideId "12905186"]
[BlackFideId "24690015"]
[EventCountry "GER"]
[EventRounds "9"]
[EventType "swiss"]
[EventDate "2012.05.26"]

1. d4 d5 2. c4 c6 3. Nc3 Nf6 4. Nf3 e6 5. e3 Be7 6. Bd3 O-O 7. O-O Nbd7 8. h3
Re8 9. Re1 Nf8 10. e4 b6 11. cxd5 cxd5 12. Bb5 Bd7 13. Bxd7 Qxd7 14. e5 Ne4 15.
Nxe4 dxe4 16. Rxe4 Red8 17. Rg4 Ng6 18. h4 Bf8 19. h5 Ne7 20. Ng5 Nf5 21. Ne4
Kh8 22. Bg5 Be7 23. Bxe7 Qxe7 24. Ng3 Nxg3 25. Rxg3 Qh4 26. Qf3 Qxd4 27. h6
Qxe5 28. Rxg7 f6 29. Qb7 Qf5 30. g4 Qc2 31. Qf7 Rd1+ 32. Rxd1 Qxd1+ 33. Kh2
Qd6+ 34. Kh3 Qd3+ 35. Kh4 1-0

[Event "DEM U16 2012"]
[Site "Oberhof GER"]
[Date "2012.05.30"]
[Round "6"]
[White "Adiyaman, Rene"]
[Black "Stanau, Guido"]
[Result "0-1"]
[Termination "normal"]
[Board "17"]
[WhiteElo "1860"]
[BlackElo "2094"]
[PlyCount "52"]
[WhiteFideId "12910414"]
[BlackFideId "24692255"]
[EventCountry "GER"]
[EventRounds "9"]
[EventType "swiss"]
[EventDate "2012.05.26"]

1. e4 c5 2. c3 d5 3. exd5 Qxd5 4. Nf3 g6 5. d4 Bg7 6. Be3 cxd4 7. Bxd4 Nf6 8.
Nbd2 Nc6 9. Bc4 Qh5 10. O-O O-O 11. Re1 Bg4 12. Qa4 Rad8 13. Ne5 Nxd4 14. cxd4
Nd5 15. Nxg4 Qxg4 16. Bxd5 Rxd5 17. Re4 Qd7 18. Qa3 Bxd4 19. Rxe7 Bxf2+ 20.
Kxf2 Rxd2+ 21. Re2 Qd4+ 22. Ke1 Rxe2+ 23. Kxe2 Re8+ 24. Kf1 Re3 25. Qa5 Re5 26.
Qa3 Rf5+ 0-1

[Event "DEM U16 2012"]
[Site "Oberhof GER"]
[Date "2012.05.31"]
[Round "7"]
[White "Noe, Christopher"]
[Black "Kvetny, Mark"]
[Result "1/2-1/2"]
[Termination "normal"]
[Board "1"]
[WhiteElo "2158"]
[BlackElo "2230"]
[PlyCount "41"]
[WhiteFideId "24692018"]
[BlackFideId "24603929"]
[EventCountry "GER"]
[EventRounds "9"]
[EventType "swiss"]
[EventDate "2012.05.26"]

1. c4 c5 2. Nf3 Nc6 3. d4 cxd4 4. Nxd4 Nf6 5. Nc3 e6 6. e4 Bb4 7. Qd3 O-O 8.
Be2 Ne5 9. Qg3 Nxe4 10. Qxe5 Nxc3 11. Bd2 f6 12. Qe3 Nxe2 13. Bxb4 Nxd4 14.
Qxd4 Re8 15. O-O-O d5 16. Kb1 Qc7 17. cxd5 exd5 18. Qxd5+ Be6 19. Qc5 Qf4 20.
Bc3 Rac8 21. Qd4 1/2-1/2

[Event "DEM U16 2012"]
[Site "Oberhof GER"]
[Date "2012.05.31"]
[Round "7"]
[White "Powierski, Emil"]
[Black "Lampert, Jonas"]
[Result "1/2-1/2"]
[Termination "normal"]
[Board "2"]
[WhiteElo "2044"]
[BlackElo "2279"]
[PlyCount "180"]
[WhiteFideId "4656199"]
[BlackFideId "1303759"]
[EventCountry "GER"]
[EventRounds "9"]
[EventType "swiss"]
[EventDate "2012.05.26"]

1. e4 e5 2. Nf3 Nc6 3. Bb5 a6 4. Ba4 Nf6 5. O-O Be7 6. Re1 b5 7. Bb3 d6 8. c3
O-O 9. h3 Na5 10. Bc2 c5 11. d4 Qc7 12. Nbd2 Bd7 13. Nf1 Rac8 14. Ne3 cxd4 15.
cxd4 Nc6 16. a3 Nxd4 17. Nxd4 exd4 18. Qxd4 d5 19. Bb3 Bc5 20. Qd1 dxe4 21. Nd5
Nxd5 22. Bxd5 Bxh3 23. Bxe4 Be6 24. Bg5 h6 25. Be3 Rfd8 26. Qf3 Bxe3 27. Qxe3
Qc5 28. Qxc5 Rxc5 29. Rad1 Rxd1 30. Rxd1 Kf8 31. Rd8+ Ke7 32. Ra8 Bc8 33. Kf1
f5 34. Bd3 Kd6 35. a4 bxa4 36. Bxa6 Ra5 37. Rxc8 Rxa6 38. Rc3 Rb6 39. Rc4 Ra6
40. Rc3 Kd5 41. Ra3 Kc5 42. b3 axb3 43. Rxb3 Kd5 44. g3 Ke5 45. Kg2 Kf6 46. Rb4
Re6 47. Ra4 Re4 48. Ra5 h5 49. Kf3 h4 50. gxh4 Rxh4 51. Ra8 Rh3+ 52. Kg2 Rb3
53. Rc8 Ra3 54. Rb8 Ra4 55. Kg3 Ra3+ 56. Kg2 Kg5 57. Rb4 Rc3 58. Ra4 Rc7 59.
Kg3 Rc3+ 60. f3 Rc8 61. Rb4 Rf8 62. Rb5 Re8 63. Rb4 Re1 64. Rb5 Rg1+ 65. Kf2
Ra1 66. Kg3 Ra6 67. Rc5 Rf6 68. Ra5 Kh6 69. Ra8 g5 70. Rh8+ Kg7 71. Ra8 Rh6 72.
Ra7+ Kg6 73. Ra6+ Kh5 74. Ra8 f4+ 75. Kh3 Kg6+ 76. Kg2 Rh7 77. Ra6+ Kf5 78.
Ra5+ Kf6 79. Ra6+ Ke5 80. Ra5+ Kf6 81. Ra6+ Kf5 82. Ra5+ Kg6 83. Ra6+ Kh5 84.
Kh3 Rb7 85. Ra8 Rb3 86. Rh8+ Kg6 87. Kg4 Rb1 88. Rg8+ Kf6 89. Rf8+ Kg7 90. Ra8
Rb3 1/2-1/2

[Event "DEM U16 2012"]
[Site "Oberhof GER"]
[Date "2012.05.31"]
[Round "7"]
[White "Carow, Johannes"]
[Black "Tennert, Simon"]
[Result "1-0"]
[Termination "normal"]
[Board "3"]
[WhiteElo "2206"]
[BlackElo "2074"]
[PlyCount "75"]
[WhiteFideId "24692050"]
[BlackFideId "1270445"]
[EventCountry "GER"]
[EventRounds "9"]
[EventType "swiss"]
[EventDate "2012.05.26"]

1. d4 Nf6 2. c4 c5 3. d5 e6 4. Nc3 exd5 5. cxd5 d6 6. e4 g6 7. f3 Bg7 8. Nge2
O-O 9. Ng3 a6 10. a4 Nbd7 11. Be2 Re8 12. O-O h5 13. Bg5 Qc7 14. Qd2 Rb8 15.
Rfc1 b6 16. Rab1 Nh7 17. Bf4 Ne5 18. b4 Re7 19. Kh1 Qa7 20. Be3 h4 21. Nf1 h3
22. g3 Qa8 23. Qd1 Nf6 24. Nd2 Rc7 25. g4 Ne8 26. b5 c4 27. Qf1 Nf6 28. Bxc4
Bxg4 29. fxg4 Nfxg4 30. Bf4 Rbc8 31. Nd1 f5 32. bxa6 fxe4 33. Ne3 Nxe3 34. Bxe3
Ng4 35. Qxh3 Bh6 36. Qxg4 Bxe3 37. Qxg6+ Rg7 38. Qe6+ 1-0

[Event "DEM U16 2012"]
[Site "Oberhof GER"]
[Date "2012.05.31"]
[Round "7"]
[White "Galkin, Wladislaw"]
[Black "Neef, Maximilian"]
[Result "0-1"]
[Termination "normal"]
[Board "4"]
[WhiteElo "1989"]
[BlackElo "2064"]
[PlyCount "144"]
[WhiteFideId "4603192"]
[BlackFideId "24692085"]
[EventCountry "GER"]
[EventRounds "9"]
[EventType "swiss"]
[EventDate "2012.05.26"]

1. c4 c5 2. g3 g6 3. Bg2 Bg7 4. Nc3 Nc6 5. Nf3 e6 6. O-O Nge7 7. a3 O-O 8. d3
d5 9. Qc2 b6 10. Rb1 a5 11. Bd2 d4 12. Nb5 a4 13. Bf4 Ra6 14. Qc1 e5 15. Bh6
Bf5 16. Bxg7 Kxg7 17. Nd2 Qd7 18. Ne4 f6 19. Qd2 Be6 20. b4 axb3 21. Rxb3 f5
22. Ng5 Bg8 23. f4 h6 24. Nh3 e4 25. Qc2 Re8 26. Rbb1 e3 27. Kh1 Bf7 28. Ng1
Ng8 29. Nf3 Nf6 30. h3 Re7 31. Kh2 Be8 32. Rb2 Qd8 33. Rfb1 Nh5 34. Qd1 Kh7 35.
Qh1 Qb8 36. Nh4 Nd8 37. Qf1 Bd7 38. Bd5 Rg7 39. Nf3 Nc6 40. Ne1 Ne7 41. Bf3 Nf6
42. Ng2 g5 43. Rb3 g4 44. hxg4 fxg4 45. Be4+ Bf5 46. Bd5 Nexd5 47. cxd5 Nxd5
48. Nh4 Bd7 49. Qg2 Nf6 50. Rf1 Ra5 51. Rfb1 Be6 52. Qc6 Qg8 53. Qxb6 Bxb3 54.
Qxa5 Ne8 55. Qb6 Qd5 56. Qb8 Ba2 57. Rb2 Re7 58. a4 c4 59. Rxa2 cxd3 60. Ra1
dxe2 61. Qb6 d3 62. Qg6+ Kh8 63. Qxh6+ Rh7 64. Qf8+ Qg8 65. Qxg8+ Kxg8 66. Nc3
Rc7 67. Nxe2 Rc2 68. Rd1 Rxe2+ 69. Kg1 d2 70. Kf1 Rh2 71. Ng2 Rxg2 72. Kxg2 e2
0-1